Kariéra s drevom

Bibliographic Details
Main Author: Mrník, Anton (Author)
Format: Article
Language:Slovak
PhysicalDescription:Fotogr.
ISSN:1335-7018
Subjects:

MARC

LEADER 00000nab a2200000 a 4500
001 vtls000774379
003 SK-MaSNL
005 20260304123828.0
008 250429c2001 xo 0 slo
015 |a SNBRB2001/11-32511 
035 |a CLN000126166 
035 |a urn:nbn:sk:snk-ab9hct 
035 |a (urnnbn)urn:nbn:sk:snk:ar-a08eo4 
035 |a (uuid)f9ee5793-5c4c-46f9-ae36-4f48d4277b6e 
040 |a SNKBUCL  |b slo  |c SNKBUCL  |e AACR2 
041 0 |a slo 
044 |a xo  |c SK 
080 |a 674:061.43(100)  |2 1997 
100 1 |a Mrník, Anton  |4 aut  |9 270738 
245 1 0 |a Kariéra s drevom  |c Anton Mrník 
300 |b Fotogr. 
611 1 7 |a LIGNA plus  |d 2001  |c Hannover, Nemecko  |2 snkbucl  |9 1420309 
650 0 7 |a priemysel drevársky  |x stroje drevospracujúce  |x veľtrhy  |x 2001  |2 snkbucl  |9 1420310 
650 0 7 |a stroje drevospracujúce  |x veľtrhy  |x 2001  |2 snkbucl  |9 1433610 
655 7 |a články z novín a časopisov  |2 snkbucl  |9 267496 
773 0 |t Stolársky magazín  |g Roč. 2, č. 2 (2001), s. 12  |x 1335-7018 
850 |a Slovenská národná knižnica 
852 |a Slovenská národná knižnica 
954 |a odborná, vedecká literatúra pôvodná (slovenská)  |2 lita 
958 |a article13 
958 |a OND 
958 |a EUIPO 
999 |c 2890045  |d 2891975